[Event "CGC KO 2022"]
[Site "chess.com INT"]
[Date "2022.09.14"]
[Round "1.5"]
[White "Martinez Alcantara, Jose Eduardo"]
[Black "Alekseenko, Kirill"]
[Result "1-0"]
[WhiteTitle "GM"]
[BlackTitle "GM"]
[WhiteElo "2591"]
[BlackElo "2707"]
[WhiteFideId "3805662"]
[BlackFideId "4135539"]
[EventDate "2022.09.14"]
[EventType "k.o."]

1. e4 e5 2. Nf3 Nc6 3. Nc3 Nf6 4. h3 Bb4 5. a3 Bxc3 6. dxc3 Nxe4 7. Nxe5 Nxe5 8.
Qd4 O-O 9. Qxe4 Re8 10. Be3 d5 11. Qf4 Nc4 12. Bxc4 dxc4 13. Rd1 Qe7 14. Qxc4
Bf5 15. Qe2 Qe4 16. O-O Qxc2 17. Qb5 b6 18. Rfe1 Be6 19. Bf4 Qb3 20. Qe2 c5 21.
Rd2 Rad8 22. Red1 Rxd2 23. Rxd2 h6 24. Qe3 Qa2 25. Kh2 Qb1 26. b4 cxb4 27. cxb4
Rc8 28. Be5 Kh7 29. Rd3 Bf5 30. Rd6 Be6 31. Rd4 Rc1 32. f3 Rh1+ 33. Kg3 Qe1+ 34.
Qxe1 Rxe1 35. Bb8 a5 36. b5 Rb1 37. a4 Rb4 38. Rd6 Rxa4 39. Rxb6 Rb4 40. Bd6 Rb3
41. Rb8 a4 42. b6 a3 43. Ra8 Rxb6 44. Bxa3 Rb3 45. Bc1 Rb1 46. Bd2 Rb2 47. Rd8
Ra2 48. Kf2 Kg6 49. Ke3 Kh7 50. Rd3 Rb2 51. Rd4 Rb3+ 52. Kf2 Kg6 53. Kg1 Kh7 54.
Kh2 Bf5 55. Rd5 Be6 56. Rd6 Rb2 57. Kg3 Rc2 58. Be3 g5 59. Rd4 Kg6 60. Rd6 h5
61. Rb6 h4+ 62. Kh2 Re2 63. Bc5 Rc2 64. Be7 Re2 65. Rb8 f6 66. Rb6 Kf7 67. Bd8
Rd2 68. Rb7+ Rd7 69. Rb8 Rd2 70. Ba5 Rd7 71. Bc3 Rc7 72. Bb2 Rc2 73. Rb7+ Kg6
74. Rb6 Kf7 75. Kg1 Re2 76. Bc3 Rc2 77. Bd4 Rd2 78. Rb7+ Kg6 79. Be3 Rd1+ 80.
Kf2 Ra1 81. Re7 Ra2+ 82. Kg1 Bd5 83. Bd4 Rd2 84. Bc3 Rc2 85. Re3 Rc1+ 86. Kh2
Rc2 87. Ba5 f5 88. Rd3 Bc6 89. Bc3 Kf7 90. Bd2 f4 91. Rd6 Ke7 92. Bb4 Kf7 93.
Kg1 Rc1+ 94. Kf2 Rc2+ 95. Ke1 Bb5 96. Rd5 Bc4 97. Rxg5 Ke6 98. Bd2 Bd3 99. Rg4
Ra2 100. Rxf4 Ke5 101. Rxh4 1-0

[Event "CGC KO 2022"]
[Site "chess.com INT"]
[Date "2022.09.15"]
[Round "1.5"]
[White "Ponkratov, Pavel"]
[Black "Anand, Viswanathan"]
[Result "1-0"]
[WhiteTitle "GM"]
[BlackTitle "GM"]
[WhiteElo "2593"]
[BlackElo "2756"]
[WhiteFideId "4157800"]
[BlackFideId "5000017"]
[EventDate "2022.09.14"]
[EventType "k.o."]

1. e4 e5 2. Nf3 Nc6 3. Bc4 Bc5 4. c3 Nf6 5. d4 exd4 6. e5 d5 7. Be2 Ne4 8. cxd4
Bb6 9. Nc3 O-O 10. O-O Be6 11. Na4 f6 12. Be3 Kh8 13. a3 fxe5 14. Nxb6 axb6 15.
Nxe5 Nd6 16. f4 Bf5 17. Qb3 Be4 18. Rac1 Na5 19. Qc3 Nac4 20. Rcd1 c6 21. Bc1 b5
22. g4 Qe7 23. Qg3 Bc2 24. Rde1 Ne4 25. Qh3 Kg8 26. Qg2 Bb3 27. Rf3 Nxe5 28.
dxe5 Qc5+ 29. Kh1 Bc4 30. Bd1 b4 31. f5 bxa3 32. bxa3 b5 33. g5 b4 34. g6 bxa3
35. f6 h5 36. f7+ 1-0

[Event "CGC KO 2022"]
[Site "chess.com INT"]
[Date "2022.09.19"]
[Round "1.1"]
[White "Caruana, Fabiano"]
[Black "Kravtsiv, Martyn"]
[Result "0-1"]
[WhiteTitle "GM"]
[BlackTitle "GM"]
[WhiteElo "2758"]
[BlackElo "2598"]
[WhiteFideId "2020009"]
[BlackFideId "14113147"]
[EventDate "2022.09.14"]
[EventType "k.o."]

1. d4 d5 2. c4 e6 3. Nc3 Be7 4. cxd5 exd5 5. Bf4 c6 6. e3 Bd6 7. Bg3 Ne7 8. Nf3
Nf5 9. Bd3 Be6 10. Qc2 Nxg3 11. hxg3 h6 12. Ne2 Bg4 13. Nf4 Bxf3 14. gxf3 Na6
15. a3 Bxf4 16. exf4 Nc7 17. O-O-O O-O 18. Qd2 Qd6 19. Bc2 Rfe8 20. Qd3 Kf8 21.
Qh7 Qf6 22. Rde1 Rxe1+ 23. Rxe1 g5 24. Rh1 gxf4 25. Rxh6 Qg7 26. Rh4 Qxh7 27.
Rxh7 Ke7 28. Kd2 Ne6 29. Kc3 Rg8 30. gxf4 Rg2 31. f5 Ng5 32. Rh8 Rxf2 33. Rb8
Rxf3+ 34. Kb4 b6 35. Rb7+ Kd6 36. Rxa7 Rf2 37. Kc3 c5 38. Ra6 Rf3+ 39. Kd2 Rf2+
40. Kd1 cxd4 41. Rxb6+ Ke5 42. Bd3 Ne4 43. Kc1 Kf4 44. Rb5 Ke3 45. Bxe4 dxe4 46.
a4 d3 47. Kb1 Rf1+ 0-1

[Event "CGC KO 2022"]
[Site "chess.com INT"]
[Date "2022.09.19"]
[Round "1.2"]
[White "Kravtsiv, Martyn"]
[Black "Caruana, Fabiano"]
[Result "0-1"]
[WhiteTitle "GM"]
[BlackTitle "GM"]
[WhiteElo "2598"]
[BlackElo "2758"]
[WhiteFideId "14113147"]
[BlackFideId "2020009"]
[EventDate "2022.09.14"]
[EventType "k.o."]

1. Nf3 d5 2. g3 c5 3. Bg2 Nf6 4. O-O g6 5. c4 d4 6. d3 Bg7 7. e3 O-O 8. exd4
cxd4 9. b4 Nc6 10. b5 Na5 11. Bb2 Ne8 12. Nbd2 a6 13. a4 Nc7 14. Ba3 Re8 15. Bb4
Ne6 16. Qe1 Qc7 17. Ne4 b6 18. c5 Nb3 19. cxb6 Qxb6 20. Rb1 axb5 21. Rxb3 bxa4
22. Rb1 Qa6 23. Nfg5 Nxg5 24. Nxg5 Bf5 25. Bxa8 Qxa8 26. Ne4 Bh3 27. f3 Bxf1 28.
Kxf1 h5 29. Qd1 Qa7 30. Ra1 Ra8 31. Bc5 Qd7 32. Kg2 Be5 33. Qc2 Qc6 34. Qc4 e6
35. Bd6 Qxc4 36. dxc4 Bg7 37. Nf2 Bf8 38. Be5 a3 39. Bxd4 Ra4 40. Rc1 a2 41. Ba1
Bh6 42. Rd1 Rxc4 43. Rd8+ Bf8 44. Ra8 Rc2 45. f4 f5 46. Kf3 Kf7 47. Nd3 Bd6 48.
Ra7+ Ke8 49. Be5 Bxe5 50. Nxe5 Rxh2 51. Nxg6 Kd8 52. Nf8 Kc8 53. Nxe6 Kb8 54.
Ra3 h4 55. Nd4 h3 56. Ne2 Rxe2 57. Kxe2 h2 58. Rxa2 h1=Q 59. Ra3 Qg2+ 60. Ke1
Qg1+ 61. Ke2 Qg2+ 62. Ke1 Kc7 63. Rd3 Kc6 64. Re3 Kd5 65. Re5+ Kd4 66. Kd1 Qxg3 0-1

[Event "CGC KO 2022"]
[Site "chess.com INT"]
[Date "2022.09.19"]
[Round "1.3"]
[White "Caruana, Fabiano"]
[Black "Kravtsiv, Martyn"]
[Result "1-0"]
[WhiteTitle "GM"]
[BlackTitle "GM"]
[WhiteElo "2758"]
[BlackElo "2598"]
[WhiteFideId "2020009"]
[BlackFideId "14113147"]
[EventDate "2022.09.14"]
[EventType "k.o."]

1. d4 e6 2. c4 d5 3. Nc3 Be7 4. Nf3 Nf6 5. cxd5 exd5 6. Bf4 c6 7. e3 Bf5 8. Nh4
Be6 9. Bd3 Ne4 10. Nf3 f5 11. O-O Nd7 12. Ne5 O-O 13. f3 Nef6 14. Qc2 Nxe5 15.
Bxe5 Nd7 16. Bf4 Bg5 17. Ne2 Qf6 18. Qd2 Bxf4 19. Nxf4 Bf7 20. Bc2 Rae8 21. Nd3
g5 22. f4 g4 23. Ne5 Be6 24. a4 Qe7 25. Bd3 Rc8 26. b4 Kg7 27. Rfc1 Rc7 28. Ra2
Rfc8 29. Rac2 a6 30. Bf1 Nf6 31. Bd3 Nd7 32. Qe1 Nb6 33. Ra1 Nd7 34. Qc3 Nf6 35.
Rac1 Ne8 36. Qc5 Qxc5 37. bxc5 Nf6 38. Rb2 Rf8 39. Kf2 Bc8 40. h3 h5 41. Rh1 Rh8
42. Rbb1 Re7 43. hxg4 Nxg4+ 44. Ke2 Nxe5 45. fxe5 Be6 46. Kf2 Kg6 47. Rh4 Kg5
48. Rbh1 Reh7 49. a5 Rh6 50. R4h3 h4 51. g3 1-0

[Event "CGC KO 2022"]
[Site "chess.com INT"]
[Date "2022.09.19"]
[Round "1.4"]
[White "Kravtsiv, Martyn"]
[Black "Caruana, Fabiano"]
[Result "1/2-1/2"]
[WhiteTitle "GM"]
[BlackTitle "GM"]
[WhiteElo "2598"]
[BlackElo "2758"]
[WhiteFideId "14113147"]
[BlackFideId "2020009"]
[EventDate "2022.09.14"]
[EventType "k.o."]

1. Nf3 Nf6 2. g3 c5 3. Bg2 Nc6 4. c4 d5 5. cxd5 Nxd5 6. Nc3 g6 7. O-O Bg7 8.
Nxd5 Qxd5 9. d3 O-O 10. Be3 Bd7 11. Nd4 Qd6 12. Nxc6 Bxc6 13. Bxc6 Qxc6 14. Rc1
Qe6 15. Rxc5 Qxa2 16. Rb5 b6 17. Qb3 Qxb3 18. Rxb3 Rfc8 19. Ra1 h5 20. Ra2 Be5
21. Rba3 Rc2 22. b4 Rxa2 23. Rxa2 Bc7 24. b5 Kf8 25. Kg2 Ke8 26. f4 Kd7 27. Ra4
Kc8 28. f5 gxf5 29. Rh4 Kd7 30. Rxh5 Ke6 31. Rh4 a5 32. bxa6 Rxa6 33. Rb4 Kf6
34. Kf3 e6 35. Rc4 Ra7 36. Rb4 Rb7 37. Rb5 Kg6 38. Bf2 Bd8 39. h4 Ra7 40. Bd4
Rd7 41. Bf2 Ra7 42. Be3 Rb7 43. Bd4 Rd7 44. e3 Rd5 45. Rb3 b5 46. Bb2 Be7 47. e4
Rd7 48. exf5+ exf5 49. Rxb5 Rxd3+ 50. Kg2 Bd6 51. Be5 Bxe5 52. Rxe5 Rd2+ 53. Kf3
Rd1 54. Ra5 Rf1+ 55. Kg2 Rb1 56. Ra8 Rb2+ 57. Kf3 Rb3+ 58. Kg2 Rb2+ 59. Kf3 Rb3+
60. Kf4 Rb4+ 61. Ke5 Re4+ 62. Kd5 Kg7 63. Ra3 Kg6 64. Rf3 Ra4 65. Kd6 Re4 66.
Kd7 Kf6 67. Kd6 Rd4+ 68. Kc5 Ra4 69. Kd5 Kg6 70. Rc3 Rg4 71. Ke5 Re4+ 72. Kd5
Rg4 73. Rf3 Ra4 1/2-1/2

[Event "CGC KO 2022"]
[Site "chess.com INT"]
[Date "2022.09.19"]
[Round "1.1"]
[White "Xiong, Jeffery"]
[Black "Bortnyk, Olexandr"]
[Result "0-1"]
[WhiteTitle "GM"]
[BlackTitle "GM"]
[WhiteElo "2690"]
[BlackElo "2604"]
[WhiteFideId "2047640"]
[BlackFideId "14120828"]
[EventDate "2022.09.14"]
[EventType "k.o."]

1. e4 e5 2. Nf3 d6 3. d4 exd4 4. Nxd4 Nf6 5. Nc3 Be7 6. Bf4 Nc6 7. Bb5 Bd7 8.
Bxc6 bxc6 9. e5 dxe5 10. Bxe5 O-O 11. O-O Bd6 12. Re1 Re8 13. Nf3 Bg4 14. Bxd6
Rxe1+ 15. Qxe1 cxd6 16. Qe3 Qb6 17. b3 Qxe3 18. fxe3 Re8 19. Re1 d5 20. h3 Bxf3
21. gxf3 d4 22. Nd1 Nd5 23. Kf2 Nb4 24. Re2 dxe3+ 25. Nxe3 Nxa2 26. Rd2 g6 27.
Rd7 a6 28. Rb7 Re6 29. Rb6 c5 30. Rb8+ Kg7 31. Rc8 Re5 32. f4 Rh5 33. Kg3 Nc3
34. Rc7 Nd5 35. Nxd5 Rxd5 36. Rc6 a5 37. Ra6 Rd2 38. c4 Ra2 39. Kh4 f5 40. Kg5
Rg2+ 41. Kh4 Rf2 42. Kg3 Ra2 43. Kh4 Kh6 44. Rc6 Ra3 45. Rxc5 Rxb3 46. Rxa5 Rf3
47. Rc5 Rxf4+ 48. Kg3 Re4 49. Rc8 Kg5 50. c5 Re3+ 51. Kg2 Rc3 52. c6 Kf4 53. c7
Rc2+ 54. Kf1 Kg3 0-1

[Event "CGC KO 2022"]
[Site "chess.com INT"]
[Date "2022.09.19"]
[Round "1.2"]
[White "Bortnyk, Olexandr"]
[Black "Xiong, Jeffery"]
[Result "0-1"]
[WhiteTitle "GM"]
[BlackTitle "GM"]
[WhiteElo "2604"]
[BlackElo "2690"]
[WhiteFideId "14120828"]
[BlackFideId "2047640"]
[EventDate "2022.09.14"]
[EventType "k.o."]

1. e4 e5 2. Nf3 Nc6 3. Bb5 Nf6 4. d3 Bc5 5. Nc3 O-O 6. O-O Re8 7. Be3 Nd4 8. Ba4
c6 9. h3 a5 10. Bb3 b5 11. a4 Nxb3 12. cxb3 Bxe3 13. fxe3 b4 14. Ne2 d5 15. Qc2
Ba6 16. Rfd1 Qb6 17. Kf2 Bxd3 18. Rxd3 dxe4 19. Rd6 Nd5 20. Qxe4 Qc5 21. Rd7 Nf6
22. Qf5 Nxd7 23. Qxd7 Rad8 24. Rc1 Qxe3+ 25. Kxe3 Rxd7 26. Rxc6 Red8 27. Nc1 f6
28. Rc5 Rd1 29. Rc2 Kf7 30. Ne2 R1d3+ 31. Ke4 Ke6 32. Rc6+ R3d6 33. Rxd6+ Rxd6
34. Ke3 f5 35. Nc1 Rd1 36. Nd3 Rxd3+ 37. Kxd3 e4+ 38. Ke3 exf3 39. gxf3 g5 40.
Kd4 h5 41. Kd3 Kd5 42. Ke2 Kd4 43. Kd2 g4 44. hxg4 fxg4 45. Ke2 gxf3+ 46. Kxf3
Kd3 0-1

[Event "CGC KO 2022"]
[Site "chess.com INT"]
[Date "2022.09.19"]
[Round "1.3"]
[White "Xiong, Jeffery"]
[Black "Bortnyk, Olexandr"]
[Result "1-0"]
[WhiteTitle "GM"]
[BlackTitle "GM"]
[WhiteElo "2690"]
[BlackElo "2604"]
[WhiteFideId "2047640"]
[BlackFideId "14120828"]
[EventDate "2022.09.14"]
[EventType "k.o."]

1. e4 d6 2. d4 Nf6 3. Nc3 e5 4. Nf3 exd4 5. Nxd4 Be7 6. Bf4 Nc6 7. Bb5 Bd7 8.
Nxc6 bxc6 9. Ba4 O-O 10. O-O Rb8 11. e5 Ne8 12. exd6 Bxd6 13. Bg3 Bxg3 14. hxg3
Nd6 15. Qd4 a5 16. Rad1 Qg5 17. b3 Rfe8 18. Rfe1 h6 19. Qa7 Rxe1+ 20. Rxe1 Rb7
21. Qa8+ Kh7 22. Ne4 Qe5 23. Qd8 Rb4 24. c4 Be6 25. Qxc7 Nxc4 26. Qxe5 Nxe5 27.
Nc5 Ng4 28. f3 Nf6 29. Nxe6 fxe6 30. Bxc6 Rb6 31. Rxe6 Kg8 32. f4 Kf7 33. f5 Rb4
34. Re5 Rd4 35. Rxa5 Rd1+ 36. Kf2 Rb1 37. Bf3 h5 38. Ra7+ Kf8 39. Ke3 Kg8 40.
Kf4 Kh7 41. Kg5 Rb2 42. Bxh5 Ne4+ 43. Kf4 Nf6 44. Bf3 Rd2 45. g4 Rd4+ 46. Ke3
Rb4 47. g5 Ne8 48. Bh5 Rb8 49. Rd7 Kg8 50. Bf7+ Kf8 51. Be6 1-0

[Event "CGC KO 2022"]
[Site "chess.com INT"]
[Date "2022.09.19"]
[Round "1.4"]
[White "Bortnyk, Olexandr"]
[Black "Xiong, Jeffery"]
[Result "0-1"]
[WhiteTitle "GM"]
[BlackTitle "GM"]
[WhiteElo "2604"]
[BlackElo "2690"]
[WhiteFideId "14120828"]
[BlackFideId "2047640"]
[EventDate "2022.09.14"]
[EventType "k.o."]

1. e4 e5 2. Nf3 Nc6 3. Bb5 Nf6 4. d3 Bc5 5. Nc3 O-O 6. O-O Nd4 7. Nxd4 Bxd4 8.
Bg5 c6 9. Bc4 h6 10. Bh4 d6 11. Ne2 Bb6 12. Kh1 g5 13. Bg3 Nh5 14. d4 Qf6 15. c3
Nf4 16. dxe5 dxe5 17. Bxf4 gxf4 18. Ng1 Kh7 19. Qh5 Qg7 20. h3 Bd7 21. Rad1 Be8
22. Qf5+ Kh8 23. Nf3 Rg8 24. g4 fxg3 25. fxg3 Qxg3 26. Qxe5+ Rg7 27. Qxg3 Rxg3
28. Kh2 Bc7 29. e5 Rg7 30. Kh1 Rg3 31. Kh2 Rg7 32. Rd4 f6 33. Rf4 fxe5 34. Rf8+
Kh7 35. Kh1 Rd8 36. Nh4 c5 37. Kh2 e4+ 38. Kh1 e3 39. Bd3+ Rxd3 40. Rxe8 e2 41.
Rff8 Rxh3# 0-1

[Event "CGC KO 2022"]
[Site "chess.com INT"]
[Date "2022.09.24"]
[Round "2.1"]
[White "Abdusattorov, Nodirbek"]
[Black "Ponkratov, Pavel"]
[Result "1/2-1/2"]
[WhiteTitle "GM"]
[BlackTitle "GM"]
[WhiteElo "2713"]
[BlackElo "2593"]
[WhiteFideId "14204118"]
[BlackFideId "4157800"]
[EventDate "2022.09.14"]
[EventType "k.o."]

1. c4 e5 2. Nc3 Nf6 3. Nf3 Nc6 4. g3 d5 5. cxd5 Nxd5 6. Bg2 Nb6 7. O-O Be7 8. b3
f5 9. Bb2 O-O 10. d3 Be6 11. Rc1 a5 12. Nd2 Nd5 13. Nc4 Bg5 14. Rb1 Bf6 15. Nxd5
Bxd5 16. e4 Be6 17. exf5 Bxf5 18. Be4 Qd7 19. Bxf5 Qxf5 20. Qe2 Rad8 21. Rbd1
Nb4 22. Ba3 b6 23. Qe4 Qh5 24. Bxb4 axb4 25. Ne3 Be7 26. Nc4 Bc5 27. Rde1 Bd4
28. Kg2 Rfe8 29. Qc6 Qf7 30. f4 Bc3 31. Nxe5 Qd5+ 32. Qxd5+ Rxd5 33. Re4 Rxd3
34. Nxd3 Rxe4 35. Kf3 Re7 36. Rd1 c5 37. Ne5 Bxe5 38. fxe5 Rxe5 39. Rd6 Rf5+ 40.
Ke3 b5 41. Rb6 Re5+ 42. Kf3 Rf5+ 43. Ke3 Re5+ 44. Kf3 Rf5+ 45. Ke3 1/2-1/2

[Event "CGC KO 2022"]
[Site "chess.com INT"]
[Date "2022.09.21"]
[Round "2.1"]
[White "Andreikin, Dmitry"]
[Black "Kamsky, Gata"]
[Result "1/2-1/2"]
[WhiteTitle "GM"]
[BlackTitle "GM"]
[WhiteElo "2729"]
[BlackElo "2666"]
[WhiteFideId "4158814"]
[BlackFideId "2000024"]
[EventDate "2022.09.14"]
[EventType "k.o."]

1. d4 d5 2. c4 c6 3. Nf3 Nf6 4. Nc3 e6 5. e3 Nbd7 6. Be2 b6 7. O-O Bb7 8. b3 Bd6
9. Bb2 O-O 10. Qc2 Qe7 11. Rad1 Rac8 12. e4 dxe4 13. Nxe4 Nxe4 14. Qxe4 f5 15.
Qe3 Nf6 16. Ne5 c5 17. Bf3 Bxe5 18. Qxe5 Bxf3 19. gxf3 cxd4 20. Rfe1 Kf7 21.
Rxd4 Rcd8 22. Rh4 h6 23. Rh3 Rd7 24. f4 Rfd8 25. Rhe3 Rd1 26. Bc3 Rxe1+ 27. Rxe1
Rd3 28. Re3 Rd1+ 29. Re1 Rxe1+ 30. Qxe1 Qd6 31. Bxf6 Kxf6 32. Qc3+ e5 33. Kg2 g5
34. Qh3 Kg6 35. fxg5 hxg5 36. Qh8 Qc6+ 37. Kg1 Qd6 38. Qg8+ Kf6 39. Qh8+ Kg6 40.
Qg8+ Kf6 41. Qh8+ Kg6 1/2-1/2

[Event "CGC KO 2022"]
[Site "chess.com INT"]
[Date "2022.09.24"]
[Round "2.1"]
[White "Aronian, Levon"]
[Black "Matlakov, Maxim"]
[Result "1/2-1/2"]
[WhiteTitle "GM"]
[BlackTitle "GM"]
[WhiteElo "2759"]
[BlackElo "2671"]
[WhiteFideId "13300474"]
[BlackFideId "4168003"]
[EventDate "2022.09.14"]
[EventType "k.o."]

1. e4 e5 2. Nc3 Nf6 3. Bc4 Nc6 4. d3 Bb4 5. Nf3 Bxc3+ 6. bxc3 d6 7. O-O h6 8.
Bb3 O-O 9. Kh1 Re8 10. Ng1 d5 11. exd5 Nxd5 12. Ne2 Be6 13. Bd2 Nf6 14. Ng3 e4
15. dxe4 Nxe4 16. Nxe4 Bxb3 17. axb3 Rxe4 18. Qf3 Re6 19. Be3 a6 20. Rfd1 Qe7
21. Rd5 Rd8 22. c4 Re8 23. h3 Ne5 24. Qh5 Nd7 25. Rd3 Nf6 26. Qh4 Rd8 27. Rad1
Rxd3 28. Rxd3 Rd6 29. Qg3 Rxd3 30. cxd3 Kh7 31. Bd4 c6 32. Qf4 Qe6 33. Kh2 Ne8
34. g4 f6 35. Kg2 Kg8 36. Qb8 Qd7 37. Be3 Kh7 38. Bf4 g5 39. Bg3 Ng7 40. Qd6
Qxd6 41. Bxd6 Ne6 42. b4 Kg6 43. Kf3 f5 44. Be5 b5 45. Ke3 Nd8 46. Kd4 Ne6+ 47.
Kc3 h5 48. gxh5+ Kxh5 49. d4 bxc4 50. Kxc4 Kh4 51. d5 cxd5+ 52. Kxd5 Nf4+ 53.
Bxf4 gxf4 54. Ke5 Kxh3 55. Kxf4 Kg2 56. Kxf5 Kxf2 57. Ke4 Ke2 58. Kd4 Kd2 59.
Kc4 Kc2 60. b5 axb5+ 61. Kxb5 1/2-1/2

[Event "CGC KO 2022"]
[Site "chess.com INT"]
[Date "2022.09.21"]
[Round "2.1"]
[White "Caruana, Fabiano"]
[Black "Martinez Alcantara, Jose Eduardo"]
[Result "1/2-1/2"]
[WhiteTitle "GM"]
[BlackTitle "GM"]
[WhiteElo "2758"]
[BlackElo "2591"]
[WhiteFideId "2020009"]
[BlackFideId "3805662"]
[EventDate "2022.09.14"]
[EventType "k.o."]

1. e4 e5 2. Nf3 Nf6 3. Nxe5 d6 4. Nf3 Nxe4 5. d4 d5 6. Bd3 Be7 7. O-O Nc6 8.
Nbd2 Bf5 9. Re1 Nxd2 10. Qxd2 Bg6 11. Bb5 O-O 12. Bxc6 bxc6 13. Qc3 c5 14. dxc5
Bf6 15. Nd4 Bxc2 16. Bf4 Bxd4 17. Qxd4 c6 18. Re2 Bg6 19. Rae1 Qd7 20. Bd6 Rfe8
21. h3 Rxe2 22. Rxe2 Re8 23. Qg4 Qd8 24. Bc7 Qa8 25. Rxe8+ Qxe8 26. Qa4 h5 27.
Kh2 Qa8 28. Qf4 Qe8 29. Qd6 Kh7 30. f3 Bb1 31. a3 Bd3 32. Ba5 f6 33. Bc3 Qg6 34.
Qf4 Bf1 35. Qd2 a6 36. Qf2 Bd3 37. Qe1 Qg5 38. Qf2 Qf4+ 39. Kg1 Qc1+ 40. Kh2
Qf4+ 41. Kg1 Qc1+ 42. Kh2 Qf4+ 1/2-1/2

[Event "CGC KO 2022"]
[Site "chess.com INT"]
[Date "2022.09.24"]
[Round "2.1"]
[White "Ding, Liren"]
[Black "Esipenko, Andrey"]
[Result "0-1"]
[WhiteTitle "GM"]
[BlackTitle "GM"]
[WhiteElo "2808"]
[BlackElo "2678"]
[WhiteFideId "8603677"]
[BlackFideId "24175439"]
[EventDate "2022.09.14"]
[EventType "k.o."]

1. Nf3 Nf6 2. g3 c5 3. Bg2 Nc6 4. O-O e5 5. e4 d6 6. d3 g6 7. c4 Bg7 8. Nc3 O-O
9. a3 a6 10. Rb1 Rb8 11. b4 cxb4 12. axb4 b5 13. cxb5 axb5 14. Be3 Be6 15. Re1
Re8 16. Ng5 Bd7 17. Nf3 Be6 18. h3 Qc8 19. Kh2 d5 20. Bg5 d4 21. Bxf6 dxc3 22.
Bxg7 Kxg7 23. d4 exd4 24. Nxd4 Rd8 25. Nxe6+ fxe6 26. Qc1 Nd4 27. e5 c2 28. Rb2
Qc3 29. Re3 Qc7 30. Be4 Rbc8 31. Kg2 Rf8 32. h4 Qxe5 33. Re1 Rc3 34. Ra2 Rf7 35.
h5 gxh5 36. f4 Qf6 37. Qa1 Nb3 0-1

[Event "CGC KO 2022"]
[Site "chess.com INT"]
[Date "2022.09.23"]
[Round "2.1"]
[White "Duda, Jan-Krzysztof"]
[Black "Wang, Hao"]
[Result "1/2-1/2"]
[WhiteTitle "GM"]
[BlackTitle "GM"]
[WhiteElo "2731"]
[BlackElo "2722"]
[WhiteFideId "1170546"]
[BlackFideId "8602883"]
[EventDate "2022.09.14"]
[EventType "k.o."]

1. e4 c5 2. Nf3 Nc6 3. Bb5 g6 4. O-O Bg7 5. c3 e5 6. d4 cxd4 7. cxd4 exd4 8. Bf4
a6 9. Ba4 Nge7 10. Bd6 b5 11. Bb3 Bb7 12. Ng5 O-O 13. Qf3 Qe8 14. Qg3 h6 15. Nf3
Na5 16. Nbd2 Rc8 17. Rfe1 Qd8 18. Ne5 Nxb3 19. Qxb3 Nc6 20. Bxf8 Bxe5 21. Ba3
Na5 22. Qh3 Nc4 23. Rad1 Nxd2 24. Rxd2 Qg5 25. Rde2 a5 26. Qxd7 d3 27. Re3 d2
28. Qxd2 b4 29. Bxb4 axb4 30. Qxb4 Rc2 31. Qb3 Rxb2 32. Rg3 Qd2 33. Qe3 Bxg3 34.
hxg3 Qxe3 35. Rxe3 Rxa2 36. g4 Kg7 37. f3 Kf6 38. Kh2 Bc8 39. Rc3 Be6 40. Rc5 g5
41. Kg3 Kg6 42. Kh2 Ra4 43. Rc2 Bc4 44. Kg3 h5 45. gxh5+ Kxh5 46. Rc1 Kg6 47.
Rc2 Be6 48. Rc5 Rb4 49. Kf2 Bc4 50. Rc6+ Be6 51. Rc5 Kf6 52. Kg3 Rb2 53. Rc6 Ra2
54. Rc5 Rb2 55. Rc6 Rb5 56. Kf2 Ke5 57. Kg3 Kd4 58. Rc1 Rb2 59. Ra1 Bc4 60. Rd1+
Ke3 61. Re1+ Be2 62. Ra1 Bc4 63. Re1+ Kd4 64. Rd1+ Bd3 65. Ra1 Rd2 66. Rc1 Ra2
67. Rh1 Ke3 68. Re1+ Re2 69. Ra1 g4 70. Ra7 gxf3 71. gxf3 Bc4 72. Ra3+ Kd4 73.
Kf4 Rg2 74. Ra8 Rf2 75. Rd8+ Kc3 76. Ke3 Rf1 77. Rd7 Be6 78. Rc7+ Kb4 79. f4
Re1+ 80. Kd4 Kb5 81. f5 Ba2 82. e5 Rf1 83. e6 fxe6 84. fxe6 Bxe6 85. Ke5 Re1+
86. Kd4 Bg4 87. Rc5+ Kb6 88. Rc3 Bd7 89. Rc2 Bb5 90. Rc3 Rd1+ 91. Ke5 Bc6 92.
Rb3+ Kc7 93. Ra3 Rd5+ 94. Kf4 Kd6 95. Ke3 Ke5 96. Rc3 Bb5 97. Rb3 Kf5 98. Rc3
Ba6 99. Ra3 Bc4 100. Rc3 Bf1 101. Ra3 Kg4 102. Ra4+ Kg3 103. Rd4 Re5+ 104. Re4
Rf5 105. Kd4 Bg2 106. Re5 Rf6 107. Rg5+ Kf2 108. Ke5 Ra6 109. Kf4 Ra4+ 110. Ke5
Bf3 111. Kf6 Ke3 112. Re5+ Be4 113. Re6 Kf4 114. Rd6 Ra5 115. Re6 Rh5 116. Rd6
Rh6+ 117. Ke7 Rh7+ 118. Kf6 Ra7 119. Re6 Bd5 120. Rd6 Rf7+ 121. Kg6 Ke5 122.
Rxd5+ Kxd5 123. Kxf7 1/2-1/2

[Event "CGC KO 2022"]
[Site "chess.com INT"]
[Date "2022.09.24"]
[Round "2.1"]
[White "Giri, Anish"]
[Black "Sadhwani, Raunak"]
[Result "1-0"]
[WhiteTitle "GM"]
[BlackTitle "GM"]
[WhiteElo "2764"]
[BlackElo "2620"]
[WhiteFideId "24116068"]
[BlackFideId "35093487"]
[EventDate "2022.09.14"]
[EventType "k.o."]

1. e4 e5 2. Nf3 Nc6 3. Bc4 Nf6 4. d3 Bc5 5. O-O d6 6. c3 a5 7. Re1 O-O 8. h3 h6
9. Nbd2 Be6 10. Bb5 Qb8 11. Bxc6 bxc6 12. d4 exd4 13. cxd4 Bb6 14. Nf1 d5 15. e5
Ne4 16. Be3 c5 17. dxc5 Bxc5 18. Bxc5 Nxc5 19. Nd4 Qxb2 20. Rc1 Qb6 21. Ng3 Rfe8
22. Re3 Bd7 23. Ndf5 Bxf5 24. Nxf5 Rad8 25. Qg4 g6 26. Nxh6+ Kg7 27. Rf3 Kxh6
28. Rxf7 Qb4 29. f4 Qd4+ 30. Kh2 1-0

[Event "CGC KO 2022"]
[Site "chess.com INT"]
[Date "2022.09.24"]
[Round "2.1"]
[White "Kramnik, Vladimir"]
[Black "Nihal, Sarin"]
[Result "1/2-1/2"]
[WhiteTitle "GM"]
[BlackTitle "GM"]
[WhiteElo "2753"]
[BlackElo "2677"]
[WhiteFideId "4101588"]
[BlackFideId "25092340"]
[EventDate "2022.09.14"]
[EventType "k.o."]

1. c4 Nf6 2. Nc3 e5 3. Nf3 Nc6 4. g3 Bb4 5. Bg2 Bxc3 6. bxc3 O-O 7. d3 e4 8.
dxe4 Nxe4 9. Qc2 Re8 10. Nd4 Nc5 11. Ba3 Ne6 12. Nxe6 Rxe6 13. O-O d6 14. c5
dxc5 15. Bxc5 b6 16. Rad1 Qe8 17. Be3 Bb7 18. Bd5 Rd6 19. Qe4 Qd7 20. c4 Re8 21.
Qb1 Qc8 22. Bf4 Rdd8 23. e4 Ne7 24. Bxb7 Qxb7 25. Rxd8 Rxd8 26. Rd1 Qc8 27. c5
Ng6 28. Rxd8+ Qxd8 29. Be3 h5 30. Qc2 h4 31. cxb6 cxb6 32. f4 Qd7 33. Qe2 hxg3
34. hxg3 Nf8 35. f5 Qd6 36. Bf4 Qd4+ 37. Kg2 Nd7 38. e5 Qd5+ 39. Kh2 Nc5 40. Qg2
Qd3 41. g4 Ne4 42. e6 fxe6 43. fxe6 Kf8 44. Be5 g5 45. Bb8 a6 46. Qh3 Qxh3+ 47.
Kxh3 Ke7 48. Kg2 Kxe6 49. Kf3 Kd5 50. Bc7 b5 51. Bd8 Kd4 52. Ke2 Nc3+ 53. Kd2
Ne4+ 54. Ke2 b4 55. Kf3 Kd3 56. Ba5 Nd2+ 57. Kf2 Kc4 58. Ke3 Nf1+ 59. Ke4 Kb5
60. Bd8 Nh2 61. Kf5 Ka4 62. Bxg5 Ka3 63. Be7 Nxg4 64. Kxg4 a5 65. Bd8 a4 66. Be7
Kxa2 67. Bxb4 Kb3 68. Be7 a3 69. Bxa3 1/2-1/2

[Event "CGC KO 2022"]
[Site "chess.com INT"]
[Date "2022.09.23"]
[Round "2.1"]
[White "Mamedyarov, Shakhriyar"]
[Black "Sarana, Alexey"]
[Result "0-1"]
[WhiteTitle "GM"]
[BlackTitle "GM"]
[WhiteElo "2757"]
[BlackElo "2662"]
[WhiteFideId "13401319"]
[BlackFideId "24133795"]
[EventDate "2022.09.14"]
[EventType "k.o."]

1. d4 Nf6 2. c4 e6 3. Nc3 d5 4. cxd5 exd5 5. Bg5 c6 6. e3 Bf5 7. Nge2 h6 8. Bf4
Nbd7 9. Ng3 Bh7 10. Bd3 Bxd3 11. Qxd3 g5 12. Be5 Nxe5 13. dxe5 Nd7 14. f4 Nc5
15. Qc2 gxf4 16. exf4 Qh4 17. O-O Rg8 18. Rad1 Rd8 19. Nce2 Ne6 20. Kh1 Rg4 21.
Rf3 Rd7 22. h3 Rg8 23. f5 Nc5 24. Rd4 Qe7 25. b4 Na6 26. Qd2 Nc7 27. Nf4 Kd8 28.
Re3 Qg5 29. e6 fxe6 30. b5 e5 31. bxc6 bxc6 32. Qa5 exd4 33. Ne6+ Kc8 34. Nxg5
dxe3 35. Ne6 Rxg3 36. Nxf8 e2 37. Nxd7 Rd3 38. Kg1 Rd1+ 39. Kf2 e1=Q+ 0-1